000 00721nam a2200253Ia 4500
003 OSt
005 20220918195407.0
006 a|||||r|||| 00| 0
007 ta
008 220917b |||||||| |||| 00| 0 eng d
024 _a84,839
037 _cTextual
040 _aARTS
_cARTS
_beng
041 _2eng
_aeng
082 _aSN1:86, L91
100 _aRimm David C. Ed 2
_990234
245 0 _aBehavior therapy
_b Techniques and empirical findings
260 _aNew York
_bAcademic Press
_c1979
300 _axiv, 538p illus
_ccm.
650 _aPSYCHOLOGY
700 _a Masters John C.
_990235
942 _hSN1:86, L91
_cTEXL
_2CC
999 _c208553
_d208553